00271nam a22000977a 4500020001800000082001300018100001500031245007800046260004000124300000900164 a9787119119441 a333.7914 aZhou, Dadi aToward a green and low-carbon future : China's energy strategycZhou Dadi aChinabForeign Language Pressc2019 a377p